The physical basis of the direction of time /
Guardado en:
| Autor Principal: | |
|---|---|
| Formato: | Libro |
| Idioma: | English |
| Publicado: |
Berlin :
Springer-Verlag,
c1992.
|
| Edición: | 2nd ed. |
| Materias: | |
| Etiquetas: |
Agregar Etiqueta
Sin Etiquetas, Sea el primero en etiquetar este registro!
|
| LEADER | 01100pam a2200277 a 4500 | ||
|---|---|---|---|
| 001 | MAT.inmabb004540 | ||
| 008 | 911210s1992####gw#a#####b####001#0#eng## | ||
| 005 | 20160216172128.0 | ||
| 245 | 1 | 4 | |a The physical basis of the direction of time / |c H.-Dieter Zeh. |
| 250 | |a 2nd ed. | ||
| 260 | |a Berlin : |b Springer-Verlag, |c c1992. | ||
| 300 | |a x, 188 p. : |b il. ; |c 24 cm. | ||
| 504 | |a Incluye referencias bibliográficas (p. [169]-183) e índice. | ||
| 505 | 0 | |a 1. The physical concept of time -- 2. The time arrow of radiation -- 3. The thermodynamical arrow of time -- 4. The quantum mechanical arrow of time -- 5. The time arrow of spacetime structure and cosmology -- 6. The quantization of time. | |
| 510 | 4 | |a MR, |c 95j:81013 | |
| 020 | |a 354054884X (Berlin) | ||
| 020 | |a 038754884X (New York) | ||
| 100 | 1 | |a Zeh, H. D. |q (Heinz Dieter), |d 1932- | |
| 084 | |a 83-02 (81-02 82-02) |2 msc2000 | ||
| 650 | 0 | |a Space and time. | |
| 650 | 0 | |a Time. | |
| 650 | 0 | |a Physics |x Philosophy. | |
| 650 | 0 | |a Thermodynamics. | |
| 010 | |a 91045903 | ||
| 040 | |a DLC |c DLC |d DLC | ||
| 859 | |h 81 |i Z44-2 |p A-6520 |b BIB. MATEMATICA | ||
